Normal view
MARC view
Entry Personal Name
001 - CONTROL NUMBER
- control field: 30862
003 - CONTROL NUMBER IDENTIFIER
- control field: MY-SjTCS
005 - DATE AND TIME OF LATEST TRANSACTION
- control field: 20191205122726.0
008 - FIXED-LENGTH DATA ELEMENTS
- fixed length control field: 081023nn acnnna||n a aaa d
039 #9 -
- : 200810231423
- : shuhada
- : 200810151928
- : shuhada
040 ## - CATALOGING SOURCE
- Original cataloging agency: VRT
- Transcribing agency: VRT
100 1# - HEADING--PERSONAL NAME
- Personal name: Swartz, Jeffrey
670 ## - SOURCE DATA FOUND
- Source citation: Doing well and doing good, c2004:
- Information found: t.p. (Jeffrey Swartz)
999 ## -
- : VIRTUA4 x
999 ## -
- : VTLSSORT0080*0400*1000*6700*9991